| 000 | 00666nam a2200193 a 4500 | ||
|---|---|---|---|
| 001 | 2143 | ||
| 005 | 20140414131921.0 | ||
| 008 | 001220s19uu xx 00 eng d | ||
| 050 |
_aER _bOn2 1991 |
||
| 100 | _aYoshi | ||
| 245 |
_a1,2,3 / _cYoshi. |
||
| 260 |
_aSaxonville, MA : _bPicture Book Studio, _c1991. |
||
| 300 | _ap. : ill. ; cm. | ||
| 520 | _aA cumulative counting tale in which one inchworm precipitates busy activity among an increasing number of animals. Hidden in each picture is a numeral, diguised among the shapes of the natural world. | ||
| 650 |
_aAnimals _xFiction. |
||
| 650 | _aCounting. | ||
| 650 | _aPicture puzzles. | ||
| 999 |
_c111773 _d111773 |
||